MDQL
is popping MORE tags! Check the
thread
!
Quizzes
Events
Quiz Creation
Community
Videos
Private Events
Remove Ads
Sign In
Join for FREE
Feedback
Dark Mode
Quiz Categories
Sports
Geography
Music
Movies
Television
Just For Fun
Miscellaneous
History
Literature
Language
Science
Gaming
Entertainment
Religion
Holiday
For Kids
Quiz Lab
Recent
Popular Today
Quiz Kudos Today
Editor Picks
Curator Picks
Quizzes by...
Day
Popularity
Type
Ratings
Length
Year
Community
Subscriptions
Recent Discussions
Orange Saloon
Badges
Playlists
Quests
Create
Leaderboards
Showdown
Live 5
Trivia Bingo
Activity
Puzzle Library
Sporcle Events
Private Events
Virtual Trivia
Globe League
Become a Host
Pub Owners
SporcleCon
Opinionation
Our Games
Videos
Blog
Mobile Apps
Partnerships
Remove Ads and Go Orange
Feedback
Literature
Harry Potter
A Song of Ice and Fire
The Hunger Games
Literary Character
Shakespeare
Book
Author
Novel
Poem
Young Adult
Children's Books
Play
Lord of the Rings
Literature
Harry Potter
A Song of Ice and Fire
The Hunger Games
Literary Character
Shakespeare
Book
Author
Novel
Poem
Young Adult
Children's Books
Play
Lord of the Rings
Random Quiz
Search Sporcle
×
Quiz Lab
Quiz Lab
Literature
Harry Potter
Type in answers that appear in a list
Type in answers that appear in a list
Classic
Best Score? Go Orange.
Harry Potter Deaths Stats
Can you name the Harry Potter Deaths
By
ninjastar666
15m
50 Questions
66 Plays
66 Plays
66 Plays
Comments
Comments
Give Quiz Kudos
Give Quiz Kudos
-
- Ratings
hide this ad
Replay
Link that replays current quiz
Next Quiz
Link to next quiz in quiz playlist
You Got
0%
They Got
Avg Score
58%
Avg Friend Score
Upgrade to see
Score Distribution
Jump to the score distribution portion of the page
Score
0/50
Timer
15:00
0
Plays Today
Answer
% Correct
Lily Potter
90.9%
James Potter
89.4%
Fred Weasley
87.9%
Remus Lupin
84.8%
Lord Voldemort
84.8%
Nymphadora Tonks
81.8%
Bellatrix Lestrange
81.8%
Sirius Black
80.3%
Albus Dumbledore
80.3%
Ted Tonks
80.3%
Dobby
80.3%
Severus Snape
78.8%
Ariana Dumbledore
77.3%
Peter Pettigrew
75.8%
Hedwig
74.2%
Mad Eye Moody
71.2%
Cedric Diggory
69.7%
Colin Creevey
69.7%
Nagini
69.7%
Quirinus Quirrell
66.7%
Frank Bryce
66.7%
Moaning Myrtle
62.1%
Vimcent Crabbe
59.1%
Marvolo Gaunt
59.1%
Morfin Gaunt
59.1%
Answer
% Correct
Merope Gaunt
59.1%
Nearly Headless Nick
57.6%
Amelia Bones
56.1%
Bloody Baron
53%
Bathilda Bagshot
53%
Gellert Grindelwald
53%
Cuthbert Binns
51.5%
The Grey Lady
50%
Charity Burbage
50%
Rufus Scrimgeour
50%
Lavender Brown
50%
Bertha Jorkins
50%
Barty Crouch Sr.
47%
Igor Karkaroff
47%
Gregorovitch
39.4%
Basilisk
37.9%
Mrs. Lovegood
33.3%
Perenelle Flamel
31.8%
Dirk Cresswell
31.8%
Bogrod
31.8%
Nicolas Flamel
30.3%
Gornuk
30.3%
Armando Dippet
30.3%
Scabior
22.7%
Arogog
4.5%
Quiz Playlist
Details
Report
Send in Message
Add To Playlist
Classic:
Type in answers that appear in a list
Last Updated: Feb 16, 2017
Quiz Scoreboard
CHALLENGE
Sign Up to Join the Scoreboard
Show All
Scores
Hide
Comments
May contain spoilers
Recently Published
5x2 Blitz: Bands
by SL_Kpop136
Music
30s
Colored Red Africa Blitz
by spor1
Geography
30s
Find the 'City' Movie
by crazypaving
Movies
60s
More to Explore
Quiz From the Vault
Featured Blog Post
14 Easter Pick-up Lines to Find Eggs With
hide this ad
You Might Also Like...
Tags
Harry Potter Quiz
death
Today's Top Quizzes in Literature
Browse Literature
hide this ad
Today's Top Quizzes in Harry Potter
Browse Harry Potter
Top Contributed Quizzes in Literature
1
Sneaky Slytherin Logic Puzzle
2
Harry Potter Slytherin Logic Puzzle
3
Get The Picture: Black or White Literature
4
A Song of Ice and Fire Logic Puzzle
5
Logic Puzzle: Avoid Dumbledore's Army
6
Mini Trivia Sudoku: A Song of Ice and Fire
7
'Middle' Earth
8
Quick Pick: Easter in Book Titles
9
Books By Opening Lines IV
10
The Hunger Games Logic Puzzle: Find Katniss
Explore More
Trending Topics
Marvel
Crossword
Anime
Kpop
Harry Potter
NBA
Disney
Soccer
Country
WWE
NFL
Puzzle
Song
Pokémon
The Office
hide this ad
More By:
ninjastar666
Quiz
Plays
Rating
Category
Featured
Created
Harry Potter Deaths
66
1.00
Literature
Jan 18, 2014
Go to Creator's Profile
Score Distribution
Quiz Creator Spotlight
ninjastar666
Follow
Send a Message
Quizzes Created
-
Created Quiz Play Count
-
More By This Creator
Popular Quizzes Today
1
Colored Red Africa Blitz
2
Find the 'City' Movie
3
Find the US States - No Outlines Minefield
4
5x2 Blitz: Bands
5
The Countries of the World
6
Find the US States
7
US States
8
Find the Countries of Europe - No Outlines Minefield
More Literature Quizzes
Harry Potter: Dursley Trio Venn Diagram
Quiz Lab
Trending Quizzes
Colored Red Europe Blitz I
Colored Red Africa Blitz II
Colored Red Europe Blitz II
Colored Red Europe Blitz III
Colored Red Africa Blitz III
Recently Updated
How Do You Spell That?
pecheneg
Godzilla Movies
pecheneg
Grab Bag: 4-10 Letters
pecheneg
2024 March Madness Bracket
pecheneg
Famous TV Couples
Peacemaker
Champions League XIs: Real Madrid
pecheneg
Largest US Cities 1790-2010
pecheneg
Rides in Walt Disney World
pecheneg
Most Oscar Losses (Acting)
pecheneg
Beyoncé Albums
pecheneg
Trending Topics
NBA
Crossword
Anime
Disney
Harry Potter
Marvel
Kpop
Country
WWE
NFL
Soccer
Pokémon
Puzzle
The Office
Song
Your Account Isn't Verified!
In order to create a playlist on Sporcle, you need to verify the email address you used during registration. Go to your
Sporcle Settings
to finish the process.
Report this User
Report this user for behavior that violates our
Community Guidelines
.
Details:
Send Report
Go to the Sporcle.com Mobile Site →
Comments